Các nguyên tắc Marketing = The principle of marketing /

Cuốn sách "Các nguyên tắc Marketing" này sẽ giúp cho bạn đọc các kiến thức thiết thực, cụ thể; không phải chỉ để hiểu biết mà còn áp dụng vào thực tiễn hoạt động kinh doanh trong mọi lĩnh vực.

Saved in:
Bibliographic Details
Main Author: Dương Hữu Hạnh.
Format: Book
Language:Vietnamese
Published: Tp.HCM : Thống kê, 2000.
Subjects:
Tags: Add Tag
No Tags, Be the first to tag this record!
Institutions: Mạng thư viện Đại học Đà Nẵng
LEADER 01120cam a2200337 i 4500
001 000042896
003 771
005 20030912153048.0
008 010217b2000 vm 000 vie
020 |c 30000 
040 |a IRC  |c IRC  |d IRC 
041 0 |a vie 
082 1 4 |a 658.8  |b DƯ-H 
100 1 |a Dương Hữu Hạnh. 
245 0 4 |a Các nguyên tắc Marketing =  |b The principle of marketing /  |c Dương Hữu Hạnh. 
246 0 1 |a The principle of marketing. 
260 |a Tp.HCM :  |b Thống kê,  |c 2000. 
300 |a 393tr. ;  |c 20,5cm. 
520 3 |a Cuốn sách "Các nguyên tắc Marketing" này sẽ giúp cho bạn đọc các kiến thức thiết thực, cụ thể; không phải chỉ để hiểu biết mà còn áp dụng vào thực tiễn hoạt động kinh doanh trong mọi lĩnh vực. 
630 0 4 |a Marketing. 
650 0 4 |a Marketing, các nguyên tắc. 
OWN |a DUT 
999 |a From the UDN01 
TYP |a Monograph 
TYP |a Printed language 
980 |a Mạng thư viện Đại học Đà Nẵng